Bệnh nghề nghiệp của nhân viên văn phòng

Cuốn sách này tập trung vào việc tìm hiểu những khác biệt đó và nêu ra khác phương pháp chăm sóc, phòng trị khác nhau cho nhân viên văn phòng. Hầu hết đó là những phương pháp giản dị, dễ áp dụng và đạt hiệu quả cao. Vì vậy, mỗi người có...

全面介绍

Đã lưu trong:
书目详细资料
主要作者: Yang, Xin
格式: 图书
语言:Undetermined
出版: Hà Nội Nxb. Hà Nội 2005
主题:
标签: 添加标签
没有标签, 成为第一个标记此记录!
Thư viện lưu trữ: Trung tâm Học liệu Trường Đại học Cần Thơ
LEADER 01399nam a2200217Ia 4500
001 CTU_91950
008 210402s9999 xx 000 0 und d
020 |c 45000 
082 |a 616.8 
082 |b Y22 
100 |a Yang, Xin 
245 0 |a Bệnh nghề nghiệp của nhân viên văn phòng 
245 0 |c Xin Yang; Hà Sơn dịch 
260 |a Hà Nội 
260 |b Nxb. Hà Nội 
260 |c 2005 
520 |a Cuốn sách này tập trung vào việc tìm hiểu những khác biệt đó và nêu ra khác phương pháp chăm sóc, phòng trị khác nhau cho nhân viên văn phòng. Hầu hết đó là những phương pháp giản dị, dễ áp dụng và đạt hiệu quả cao. Vì vậy, mỗi người có thể lựa chọn những phương pháp thích hợp với hoàn cảnh, điều kiện để có thể nâng cao sức khỏe cho mình. Nếu cuốn sách này góp được một phần nhỏ để mỗi người có "một tinh thần khỏe trong một thân thể khỏe mạnh" thì đó chính là sự tưởng thưởng xứng đáng cho tác giả vậy. 
650 |a Public health,Health 
650 |x Prevention 
904 |i Mai Loan 
980 |a Trung tâm Học liệu Trường Đại học Cần Thơ